[Event "34th ECC Women 2018"]
[Site "Porto Carras GRE"]
[Date "2018.10.14"]
[Round "3.6"]
[Board "2"]
[White "Cramling, Pia"]
[Black "Vidic, Teja"]
[Result "1-0"]
[WhiteTitle "GM"]
[BlackTitle "WFM"]
[WhiteElo "2465"]
[BlackElo "2116"]
[WhiteTeam "Cercle d'Echecs de Monte-Carlo"]
[BlackTeam "ZSK Maribor"]
[WhiteFideId "1700030"]
[BlackFideId "14605511"]
[EventDate "2018.10.12"]

1. Nf3 d5 2. g3 c6 3. Bg2 Bg4 4. c4 e6 5. cxd5 exd5 6. O-O Bd6 7. d3 Nf6 8. Nc3
O-O 9. Qb3 Qb6 10. Qc2 Nbd7 11. Be3 Qc7 12. Rac1 a6 13. Qd2 Qd8 14. Rfd1 Re8 15.
Bf4 Qe7 16. Bxd6 Qxd6 17. h3 Bxf3 18. Bxf3 Rad8 19. Bg2 Nb6 20. a3 Qe7 21. Re1
Nc8 22. Na4 Nd6 23. Nc5 Nd7 24. b4 h6 25. Qb2 Qe5 26. Qxe5 Rxe5 27. e3 Re7 28.
Bf1 Nb6 29. a4 Na8 30. e4 Rde8 31. Bg2 f5 32. f3 fxe4 33. dxe4 dxe4 34. fxe4 Nb6
35. Red1 Nbc8 36. e5 Rxe5 37. Nxb7 Nxb7 38. Bxc6 Nbd6 39. Bxe8 Rxe8 40. Rc6 Re4
41. b5 axb5 42. axb5 Rb4 43. b6 Rb2 44. g4 Kh7 45. Rdxd6 Nxd6 46. Rxd6 h5 47.
gxh5 Rb5 48. Kf2 Rxh5 49. b7 Rb5 50. Rd7 Rb3 51. Ke2 Kh6 52. Kd2 g5 53. Kc2 Rb6
54. Kc3 Kh5 55. Kc4 Kh4 56. Kc5 Rb1 57. Rd4+ Kxh3 58. Rb4 Rxb4 59. Kxb4 g4 60.
b8=Q 1-0

[Event "34th ECC Women 2018"]
[Site "Porto Carras GRE"]
[Date "2018.10.14"]
[Round "3.6"]
[Board "4"]
[White "Skripchenko, Almira"]
[Black "Mihevc-Mohr, Narcisa"]
[Result "1-0"]
[WhiteTitle "IM"]
[BlackTitle "WFM"]
[WhiteElo "2414"]
[BlackElo "1983"]
[WhiteTeam "Cercle d'Echecs de Monte-Carlo"]
[BlackTeam "ZSK Maribor"]
[WhiteFideId "13900145"]
[BlackFideId "14600587"]
[EventDate "2018.10.12"]

1. e4 c5 2. Nf3 Nc6 3. Bb5 d6 4. d4 cxd4 5. Qxd4 Bd7 6. Bxc6 Bxc6 7. Nc3 Nf6 8.
Bg5 h6 9. Bxf6 gxf6 10. O-O Rg8 11. Qd3 Qd7 12. Nd4 e6 13. Nxc6 bxc6 14. Ne2 Rb8
15. b3 Be7 16. c4 Qb7 17. Qh3 c5 18. f3 Rh8 19. Qh5 Bf8 20. Nf4 Ke7 21. Rfe1 Bg7
22. Rad1 Rbg8 23. Qh4 Bf8 24. e5 dxe5 25. Nd5+ exd5 26. Rxe5+ Kd7 27. Rexd5+ Ke8
28. Qe4+ 1-0

[Event "34th ECC Women 2018"]
[Site "Porto Carras GRE"]
[Date "2018.10.15"]
[Round "4.1"]
[Board "2"]
[White "Klinova, Masha"]
[Black "Pogonina, Natalija"]
[Result "1/2-1/2"]
[WhiteTitle "IM"]
[BlackTitle "WGM"]
[WhiteElo "2288"]
[BlackElo "2485"]
[WhiteTeam "Beer Sheva Chess Club"]
[BlackTeam "Ugra"]
[WhiteFideId "2802015"]
[BlackFideId "4147855"]
[EventDate "2018.10.12"]

1. e4 e5 2. Nf3 Nc6 3. Bc4 Bc5 4. d3 Nf6 5. O-O d6 6. c3 a6 7. Bb3 h6 8. Be3 O-O
9. Nbd2 Ba7 10. Bxa7 Rxa7 11. Re1 Re8 12. Nf1 Be6 13. Ng3 Bxb3 14. Qxb3 g6 15.
d4 Na5 16. Qc2 Nc4 17. b3 Nb6 18. Qd2 exd4 19. Nxd4 Kh7 20. Rad1 Ra8 21. c4 Nbd7
22. f4 Qe7 23. Nf3 Rad8 24. Qc2 Ng8 25. b4 Qf6 26. Qd2 Nb6 27. Rc1 Ne7 28. a3
Nc6 29. Red1 Nd7 30. Rf1 Nf8 31. Rcd1 1/2-1/2

[Event "34th ECC Women 2018"]
[Site "Porto Carras GRE"]
[Date "2018.10.15"]
[Round "4.1"]
[Board "3"]
[White "Girya, Olga"]
[Black "Kumanska, Olena"]
[Result "1-0"]
[WhiteTitle "WGM"]
[BlackTitle "WFM"]
[WhiteElo "2479"]
[BlackElo "2054"]
[WhiteTeam "Ugra"]
[BlackTeam "Beer Sheva Chess Club"]
[WhiteFideId "4195752"]
[BlackFideId "14124360"]
[EventDate "2018.10.12"]

1. d4 Nf6 2. c4 e6 3. Nf3 b6 4. g3 Bb7 5. Bg2 Be7 6. O-O O-O 7. Nc3 Ne4 8. Bd2
Nxd2 9. Qxd2 d6 10. Qc2 Qc8 11. e4 Nd7 12. Rad1 Bf6 13. Rfe1 e5 14. Nd5 exd4 15.
Nxd4 Re8 16. Nb5 Bd8 17. Bh3 a6 18. Nxb6 cxb6 19. Nxd6 1-0

[Event "34th ECC Women 2018"]
[Site "Porto Carras GRE"]
[Date "2018.10.15"]
[Round "4.1"]
[Board "4"]
[White "Buzukashvili, Sofia"]
[Black "Guseva, Marina"]
[Result "0-1"]
[BlackTitle "IM"]
[WhiteElo "1936"]
[BlackElo "2409"]
[WhiteTeam "Beer Sheva Chess Club"]
[BlackTeam "Ugra"]
[WhiteFideId "4194837"]
[BlackFideId "4149351"]
[EventDate "2018.10.12"]

1. Nf3 d5 2. e3 Nf6 3. c4 c6 4. b3 Bg4 5. h3 Bxf3 6. Qxf3 e6 7. Bb2 Nbd7 8. Nc3
Bd6 9. Bd3 Ne5 10. Qe2 Nxd3+ 11. Qxd3 O-O 12. g4 Nd7 13. Qe2 Qe7 14. a3 a6 15.
h4 b5 16. cxb5 axb5 17. b4 e5 18. d3 Rfe8 19. Rc1 Nb6 20. g5 e4 21. dxe4 dxe4
22. Nxb5 cxb5 23. Qxb5 Nd7 24. Qd5 Be5 25. Bxe5 Nxe5 26. Qxe4 Rxa3 27. O-O g6
28. Rb1 Qd7 29. Qg2 Qf5 30. f4 Nc4 31. e4 Rxe4 32. Rfe1 Rxe1+ 33. Rxe1 Qxf4 34.
Qe4 Qg3+ 35. Kh1 Qh3+ 36. Kg1 Rg3+ 37. Kf2 Qh2+ 0-1

[Event "34th ECC Women 2018"]
[Site "Porto Carras GRE"]
[Date "2018.10.15"]
[Round "4.1"]
[Board "1"]
[White "Grapsa, Georgia"]
[Black "Zhukova, Natalia"]
[Result "1/2-1/2"]
[WhiteTitle "WFM"]
[BlackTitle "GM"]
[WhiteElo "2085"]
[BlackElo "2403"]
[WhiteTeam "AMO Galaxias Thessaloniki"]
[BlackTeam "Kyiv Chess federation"]
[WhiteFideId "4206436"]
[BlackFideId "14101513"]
[EventDate "2018.10.12"]

1. d4 Nf6 2. c4 c5 3. d5 b5 4. Nf3 g6 5. e4 Bg7 6. e5 Ng4 7. Ng5 Nxe5 8. cxb5 d6
9. Be2 O-O 10. f4 Ned7 11. O-O Nf6 12. Nc3 a6 13. a4 axb5 14. Bxb5 Na6 15. Ra3
Nb4 16. Nce4 Bf5 17. Ng3 Bc2 18. Qe2 h6 19. Nh3 Nfxd5 20. f5 Kh7 21. Raf3 Qc7
22. fxg6+ fxg6 23. Rxf8 Rxf8 24. Rxf8 Bxf8 25. Qe6 c4 26. Ne4 Bxe4 27. Qxe4 Qc5+
28. Kh1 Nd3 29. Bxc4 N5b4 30. Be3 Qh5 31. Bxd3 Qd1+ 32. Ng1 Nxd3 33. a5 d5 34.
Qf3 Qe1 35. Qxf8 Qxe3 36. Qf7+ Kh8 37. Qf8+ Kh7 1/2-1/2

[Event "34th ECC Women 2018"]
[Site "Porto Carras GRE"]
[Date "2018.10.15"]
[Round "4.1"]
[Board "2"]
[White "Osmak, Iulija"]
[Black "Petraki, Evaggelia"]
[Result "1-0"]
[WhiteTitle "IM"]
[WhiteElo "2405"]
[BlackElo "1769"]
[WhiteTeam "Kyiv Chess federation"]
[BlackTeam "AMO Galaxias Thessaloniki"]
[WhiteFideId "14101602"]
[BlackFideId "4252756"]
[EventDate "2018.10.12"]

1. d4 Nf6 2. Bg5 Ne4 3. Bf4 c5 4. d5 d6 5. f3 Qa5+ 6. c3 Nf6 7. e4 g6 8. Qd2 Bg7
9. c4 Qxd2+ 10. Bxd2 Nbd7 11. Nc3 a6 12. Nge2 O-O 13. Nc1 Rb8 14. a4 Ne8 15. Bd3
Nc7 16. a5 e6 17. Bc2 Ne5 18. b3 Re8 19. Kd1 Bd7 20. N1e2 exd5 21. exd5 Re7 22.
Ng3 Rbe8 23. Nge4 Bf5 24. Nxd6 Bxc2+ 25. Kxc2 Rb8 26. Nde4 Ne8 27. Nxc5 Rc8 28.
N5a4 Nd7 29. Rae1 Rxe1 30. Rxe1 Bf6 31. Ne4 Bd8 32. Bc3 Kf8 33. Bb4+ Kg8 34.
Nec5 Nef6 35. Nxd7 Nxd7 36. Re8+ Kg7 37. Be7 1-0

[Event "34th ECC Women 2018"]
[Site "Porto Carras GRE"]
[Date "2018.10.15"]
[Round "4.2"]
[Board "3"]
[White "Lagogianni, Niki Vasiliki"]
[Black "Gaponenko, Inna"]
[Result "0-1"]
[BlackTitle "IM"]
[WhiteElo "1152"]
[BlackElo "2409"]
[WhiteTeam "AMO Galaxias Thessaloniki"]
[BlackTeam "Kyiv Chess federation"]
[WhiteFideId "25804359"]
[BlackFideId "14101181"]
[EventDate "2018.10.12"]

1. e4 g6 2. d4 Bg7 3. f4 d6 4. Nf3 c5 5. c3 Nf6 6. Qd3 O-O 7. dxc5 dxc5 8. Qxd8
Rxd8 9. e5 Nd5 10. Bc4 Nb6 11. Na3 Nxc4 12. Nxc4 Nc6 13. O-O Bf5 14. Ne3 Bd3 15.
Rf2 f6 16. exf6 exf6 17. Ne1 Be4 18. N1c2 Rd3 19. Rd2 Rad8 20. Re2 f5 21. Kf2 b5
22. Ne1 R3d7 23. N3c2 b4 24. cxb4 cxb4 25. a3 b3 26. Ne3 Nd4 27. Rd2 Rc7 28. Nd1
Rdc8 29. Nc3 Bb7 30. Rd1 Ne6 31. Ne2 Nc5 32. Ng3 Na4 33. Rb1 Rc2+ 34. Nxc2 bxc2
35. Be3 cxb1=Q 0-1

[Event "34th ECC Women 2018"]
[Site "Porto Carras GRE"]
[Date "2018.10.15"]
[Round "4.2"]
[Board "4"]
[White "Babiy, Olga"]
[Black "Tsivelekidou, Anthoula Elpida"]
[Result "1-0"]
[WhiteTitle "WGM"]
[WhiteElo "2310"]
[BlackElo "1147"]
[WhiteTeam "Kyiv Chess federation"]
[BlackTeam "AMO Galaxias Thessaloniki"]
[WhiteFideId "14117258"]
[BlackFideId "25823272"]
[EventDate "2018.10.12"]

1. e4 e6 2. d4 d5 3. Nc3 dxe4 4. Nxe4 Bd7 5. Nf3 Bc6 6. Bd3 Nd7 7. c3 Ngf6 8.
Ned2 Bd6 9. O-O O-O 10. Nc4 Qe7 11. Re1 Bxf3 12. Qxf3 c6 13. Bg5 Bc7 14. Rad1
Rad8 15. Ne5 Nb6 16. Ng4 Nbd7 17. Qh3 g6 18. Qh4 Kg7 19. Re3 e5 20. Rf3 e4 21.
Nxf6 1-0

[Event "34th ECC Women 2018"]
[Site "Porto Carras GRE"]
[Date "2018.10.15"]
[Round "4.2"]
[Board "1"]
[White "Gunina, Valentina"]
[Black "Muzychuk, Anna"]
[Result "1/2-1/2"]
[WhiteTitle "GM"]
[BlackTitle "GM"]
[WhiteElo "2525"]
[BlackElo "2555"]
[WhiteTeam "Caissa Italia Pentole Agnelli"]
[BlackTeam "Cercle d'Echecs de Monte-Carlo"]
[WhiteFideId "4167570"]
[BlackFideId "14111330"]
[EventDate "2018.10.12"]

1. d4 d5 2. c4 c6 3. cxd5 cxd5 4. Bf4 Nc6 5. e3 Nf6 6. Nc3 Bg4 7. Qb3 Na5 8.
Bb5+ Bd7 9. Qd1 Rc8 10. Bxd7+ Qxd7 11. Nf3 Nc6 12. Ne5 Nxe5 13. dxe5 Ne4 14. e6
fxe6 15. Nxe4 dxe4 16. Qxd7+ Kxd7 17. O-O Rc5 18. Rac1 Rb5 19. Rfd1+ Ke8 20. b3
g5 21. a4 Rxb3 22. Bxg5 Rg8 23. Bh4 Rg4 24. g3 Rd3 25. Rc8+ Kd7 26. Rdc1 Rd1+
27. Rxd1+ Kxc8 28. Kg2 b6 29. h3 Rg6 30. Rd4 Bg7 31. Rxe4 Kd7 32. Kf3 Bf6 33.
Ke2 a6 34. Bxf6 exf6 35. Rh4 Rg7 36. Kd3 b5 37. Kc3 f5 38. axb5 axb5 39. Kb4 Kc6
40. Rh5 Ra7 41. Rh6 Kd5 42. g4 fxg4 43. hxg4 Ra4+ 44. Kxb5 Rxg4 45. Rxh7 Ke4 46.
Kc5 Rg2 47. Rf7 e5 48. Kc4 Rg1 49. Kc3 Rd1 50. Kc2 Rd8 51. Rf6 Rd7 52. Rf8 Rd6
53. Kc3 Rd7 54. Rf6 Rd8 55. Kb4 Rc8 56. Kb5 Rc2 57. Rf8 Kd3 58. Kb6 Ke4 59. Rf6
Kd3 60. Rf8 Ke4 61. Kb5 Kd3 62. Kb4 Ke4 63. Kb3 Rc7 64. Re8 Kd5 65. f3 Rf7 66.
e4+ Kd4 67. Rd8+ Ke3 68. Kc4 Kxf3 69. Kd5 Rf4 70. Kxe5 1/2-1/2

[Event "34th ECC Women 2018"]
[Site "Porto Carras GRE"]
[Date "2018.10.15"]
[Round "4.2"]
[Board "2"]
[White "Cramling, Pia"]
[Black "Paehtz, Elisabeth"]
[Result "1-0"]
[WhiteTitle "GM"]
[BlackTitle "IM"]
[WhiteElo "2465"]
[BlackElo "2513"]
[WhiteTeam "Cercle d'Echecs de Monte-Carlo"]
[BlackTeam "Caissa Italia Pentole Agnelli"]
[WhiteFideId "1700030"]
[BlackFideId "4641833"]
[EventDate "2018.10.12"]

1. d4 d5 2. c4 c6 3. cxd5 cxd5 4. Bf4 Nc6 5. Nc3 e5 6. dxe5 d4 7. Ne4 Qa5+ 8.
Nd2 Nge7 9. Nf3 Nd5 10. g3 h6 11. h4 Be6 12. Bh3 Be7 13. Kf1 Bxh3+ 14. Rxh3
O-O-O 15. Nb3 Qb6 16. Kg2 Kb8 17. h5 a5 18. Rb1 Rhg8 19. Qd3 Nxf4+ 20. gxf4 a4
21. Nc1 Nb4 22. Qe4 Nd5 23. Rg3 f5 24. exf6 Bxf6 25. Ne5 Qb5 26. Ncd3 Nc3 27.
bxc3 Qxb1 28. cxd4 Qxa2 29. Nb4 Qb2 30. d5 Rge8 31. Re3 a3 32. Qc4 Bxe5 33. fxe5
Rxe5 34. Qf4 a2 35. Nxa2 Rxd5 36. Nc3 1-0

[Event "34th ECC Women 2018"]
[Site "Porto Carras GRE"]
[Date "2018.10.15"]
[Round "4.2"]
[Board "3"]
[White "Zimina, Olga"]
[Black "Socko, Monika"]
[Result "0-1"]
[WhiteTitle "IM"]
[BlackTitle "GM"]
[WhiteElo "2431"]
[BlackElo "2451"]
[WhiteTeam "Caissa Italia Pentole Agnelli"]
[BlackTeam "Cercle d'Echecs de Monte-Carlo"]
[WhiteFideId "4132190"]
[BlackFideId "1106619"]
[EventDate "2018.10.12"]

1. c4 e5 2. Nc3 Nc6 3. Nf3 f5 4. d4 e4 5. d5 exf3 6. dxc6 fxg2 7. cxd7+ Qxd7 8.
Qxd7+ Bxd7 9. Bxg2 c6 10. b3 Nf6 11. Bb2 Bc5 12. Na4 Bb4+ 13. Bc3 Bxc3+ 14. Nxc3
O-O-O 15. Rd1 Be6 16. O-O Rxd1 17. Rxd1 Rd8 18. Rxd8+ Kxd8 19. Na4 Kc7 20. Nc5
Bc8 21. f4 Kd6 22. Nd3 Ne4 23. e3 a5 24. Bf3 Be6 25. Bh5 Nc3 26. Nc1 a4 27. Kf2
b5 28. cxb5 cxb5 29. bxa4 bxa4 30. a3 Bc4 31. Be8 Kc5 32. Ke1 Bb5 33. Bf7 Kd6
34. Ba2 Bd7 35. Bg8 h6 36. Nd3 Nb1 37. Ne5 Nxa3 38. Nxd7 Kxd7 39. Kd2 Kd6 40.
Kc3 Kc5 41. Be6 Nb5+ 42. Kb2 Nd6 43. Kc3 Ne4+ 44. Kb2 Nd2 45. Kc3 Nf1 46. Kd3 a3
47. h3 Ng3 48. Kc3 Kd6 49. Bc4 Ne4+ 50. Kd4 g5 51. Bg8 Nf2 52. Kc3 Nxh3 53. Bh7
Ke6 54. fxg5 hxg5 55. e4 f4 0-1

[Event "34th ECC Women 2018"]
[Site "Porto Carras GRE"]
[Date "2018.10.15"]
[Round "4.2"]
[Board "4"]
[White "Cornette, Deimante"]
[Black "Brunello, Marina"]
[Result "1-0"]
[WhiteTitle "IM"]
[BlackTitle "FM"]
[WhiteElo "2462"]
[BlackElo "2294"]
[WhiteTeam "Cercle d'Echecs de Monte-Carlo"]
[BlackTeam "Caissa Italia Pentole Agnelli"]
[WhiteFideId "12802859"]
[BlackFideId "822590"]
[EventDate "2018.10.12"]

1. e4 c5 2. Nf3 d6 3. d4 cxd4 4. Nxd4 Nf6 5. Nc3 a6 6. Be2 e5 7. Nf3 Be7 8. Bg5
Be6 9. Bxf6 Bxf6 10. Qd2 Be7 11. O-O Nd7 12. Rfd1 Nf6 13. Ng5 Rc8 14. Nxe6 fxe6
15. Qe3 O-O 16. Qh3 Qd7 17. Rd3 b5 18. a3 Bd8 19. Rad1 Rc6 20. Bf3 Bb6 21. R1d2
Qe7 22. Nd1 Nd7 23. Ne3 Bd4 24. c3 Bb6 25. Re2 Rf4 26. Nc2 a5 27. Bg4 Nf8 28.
Rf3 Rxf3 29. Qxf3 Ng6 30. g3 a4 31. Qd3 Rc5 32. Nb4 Rc4 33. Bh3 Bc5 34. Rd2 Nf8
35. Bf1 Qg5 36. Rd1 Qg4 37. Be2 Qh3 38. Qf3 Ng6 39. Bxc4 bxc4 40. Qg2 Qg4 41.
Re1 Qg5 42. Kf1 Ne7 43. Qf3 Qd2 44. Qe2 Qh6 45. Qxc4 Qxh2 46. Qxe6+ Kf8 47. Nd3
Qh1+ 48. Ke2 Qxe4+ 49. Kd2 Qf3 50. Re2 Qb7 51. Kc1 Qh1+ 52. Re1 1-0

[Event "34th ECC Women 2018"]
[Site "Porto Carras GRE"]
[Date "2018.10.15"]
[Round "4.3"]
[Board "3"]
[White "Belenkaya, Dina"]
[Black "Mar, Karmen"]
[Result "1/2-1/2"]
[WhiteTitle "WGM"]
[BlackTitle "WIM"]
[WhiteElo "2329"]
[BlackElo "2107"]
[WhiteTeam "SSHOR"]
[BlackTeam "ZSK Maribor"]
[WhiteFideId "24142654"]
[BlackFideId "14603403"]
[EventDate "2018.10.12"]

1. e4 c5 2. c3 d5 3. exd5 Qxd5 4. Nf3 Nc6 5. d4 Bg4 6. Nbd2 e6 7. Bc4 Bxf3 8.
Qb3 Na5 9. Qb5+ Qd7 10. Nxf3 Nxc4 11. Qxc4 Qd5 12. Qb5+ Qc6 13. Qe2 Nf6 14. Bg5
Be7 15. Ne5 Qb6 16. O-O-O Rd8 17. Qc4 O-O 18. dxc5 Qc7 19. Nd3 Rd5 20. Bf4 Qc8
21. b4 b6 22. Be3 Rfd8 23. Nf4 Rxd1+ 24. Rxd1 Rxd1+ 25. Kxd1 bxc5 26. Bxc5 Nd7
27. Nd3 Bf6 28. Kc2 Nb6 29. Qb5 Nd5 30. c4 a6 31. Qa4 Nc3 32. Qb3 Qc6 33. f3 Qc7
34. Bg1 Ne2 35. Bf2 Qxh2 36. Qa4 h6 37. Qxa6 Kh7 38. Qb7 Nc3 39. f4 Qh1 40. Be1
Nxa2 41. Qe4+ g6 42. c5 Qh5 43. Qf3 Qh1 44. c6 Bd8 45. b5 Qg1 46. Qf2 Qh2 47.
Kb2 Qh5 48. Kxa2 Qd5+ 49. Ka3 Qxd3+ 50. Ka4 Qd1+ 51. Kb4 Qd6+ 52. Qc5 Ba5+ 53.
Kc4 Qxf4+ 54. Kb3 Bxe1 55. c7 Qg3+ 56. Kb2 Qxg2+ 57. Qc2 Qb7 58. Qc6 Qc8 59. b6
Qh8+ 60. Kb1 Qd4 61. Qc2 Qxb6+ 62. Kc1 Qe3+ 63. Kb1 Qb6+ 64. Kc1 Qe3+ 65. Kb1 1/2-1/2

[Event "34th ECC Women 2018"]
[Site "Porto Carras GRE"]
[Date "2018.10.15"]
[Round "4.3"]
[Board "4"]
[White "Mihevc-Mohr, Narcisa"]
[Black "Balaian, Alina"]
[Result "1-0"]
[WhiteTitle "WFM"]
[BlackTitle "WIM"]
[WhiteElo "1983"]
[BlackElo "2238"]
[WhiteTeam "ZSK Maribor"]
[BlackTeam "SSHOR"]
[WhiteFideId "14600587"]
[BlackFideId "24115347"]
[EventDate "2018.10.12"]

1. e4 e6 2. d4 d5 3. Nd2 Nf6 4. e5 Nfd7 5. Bd3 c5 6. c3 Nc6 7. Ngf3 Be7 8. O-O
g5 9. dxc5 g4 10. Nd4 Ndxe5 11. Bb5 Bd7 12. f4 Ng6 13. Bxc6 bxc6 14. b4 Qc8 15.
N2b3 f6 16. Qe2 e5 17. fxe5 fxe5 18. Bh6 exd4 19. Nxd4 Qc7 20. Bg5 Kd8 21. Bxe7+
Nxe7 22. Rf7 Re8 23. Re1 Bc8 24. Rxe7 Rxe7 25. Nxc6+ Kd7 26. Nxe7 Bb7 27. c6+ 1-0

[Event "34th ECC Women 2018"]
[Site "Porto Carras GRE"]
[Date "2018.10.15"]
[Round "4.5"]
[Board "1"]
[White "Dzagnidze, Nana"]
[Black "Heinemann, Josefine"]
[Result "1/2-1/2"]
[WhiteTitle "GM"]
[BlackTitle "WIM"]
[WhiteElo "2509"]
[BlackElo "2308"]
[WhiteTeam "Nona"]
[BlackTeam "Mulhouse Philidor"]
[WhiteFideId "13601903"]
[BlackFideId "12900460"]
[EventDate "2018.10.12"]

1. Nf3 Nf6 2. c4 c5 3. b3 g6 4. Bb2 Bg7 5. g3 O-O 6. Bg2 Nc6 7. d4 d5 8. O-O
dxc4 9. bxc4 Qb6 10. Qb3 Ne4 11. e3 Na5 12. Qxb6 axb6 13. Rc1 Nd6 14. Nbd2 Be6
15. Bf1 Rfc8 16. Ne5 cxd4 17. Bxd4 Bxe5 18. Bxe5 Naxc4 19. Nxc4 Nxc4 20. Bxc4
Rxc4 21. Rxc4 Bxc4 22. a3 f6 23. Bd4 b5 24. Bc5 Kf7 25. f3 Rd8 26. Bb4 Rd3 27.
Kf2 Rb3 28. Rd1 Rd3 29. Rxd3 Bxd3 30. e4 e5 31. Ke3 1/2-1/2

[Event "34th ECC Women 2018"]
[Site "Porto Carras GRE"]
[Date "2018.10.15"]
[Round "4.5"]
[Board "4"]
[White "Neuhauser, Salome"]
[Black "Melia, Salome"]
[Result "0-1"]
[WhiteTitle "WFM"]
[BlackTitle "IM"]
[WhiteElo "2115"]
[BlackElo "2387"]
[WhiteTeam "Mulhouse Philidor"]
[BlackTeam "Nona"]
[WhiteFideId "662461"]
[BlackFideId "13602446"]
[EventDate "2018.10.12"]

1. e4 d6 2. d4 g6 3. Nc3 Bg7 4. Be3 c6 5. Nf3 Nf6 6. Bd3 Nbd7 7. Qd2 O-O 8. Bh6
e5 9. h4 Bxh6 10. Qxh6 exd4 11. Nxd4 Qb6 12. Nb3 Qxf2+ 13. Kxf2 Ng4+ 14. Kg1
Nxh6 15. h5 Ng4 16. Rf1 Nde5 17. hxg6 hxg6 18. Na5 Kg7 19. Nd1 b6 20. Nc4 Be6
21. Nxe5 dxe5 22. Nf2 Nxf2 23. Kxf2 Rh8 24. b3 Rhd8 25. Ke3 c5 26. Be2 Rd4 27.
c3 Rd6 28. Rd1 Rad8 29. Rxd6 Rxd6 30. g4 Kf6 0-1

[Event "34th ECC Women 2018"]
[Site "Porto Carras GRE"]
[Date "2018.10.15"]
[Round "4.6"]
[Board "1"]
[White "De Rosa, Mariagrazia"]
[Black "Mamedjarova, Zeinab"]
[Result "0-1"]
[WhiteTitle "WFM"]
[BlackTitle "WGM"]
[WhiteElo "2131"]
[BlackElo "2358"]
[WhiteTeam "Caissa Italia Banca Alpi Marittime"]
[BlackTeam "Odlar Yurdu"]
[WhiteFideId "815136"]
[BlackFideId "13401521"]
[EventDate "2018.10.12"]

1. e4 e5 2. Nf3 d6 3. d4 Nd7 4. Bc4 exd4 5. Qxd4 Ngf6 6. Nc3 Nb6 7. Be2 Be7 8.
a4 a5 9. O-O O-O 10. b3 Nfd7 11. Bb2 Bf6 12. Qd2 Nc5 13. Nd4 Re8 14. f3 c6 15.
Rad1 Qe7 16. Rfe1 Bd7 17. Bf1 Rad8 18. g3 Bc8 19. Bg2 Qc7 20. Ba3 h5 21. Kh1 Na6
22. f4 Nb4 23. Nce2 d5 24. e5 Be7 25. Ng1 c5 26. Nb5 Qb8 27. c3 Nc6 28. Qf2 Bg4
29. Nf3 Nd7 30. Rd2 Na7 31. Nxa7 Qxa7 32. Ng1 Qb6 33. Bxd5 Nb8 34. Qg2 Rd7 35.
h3 Bf5 36. g4 hxg4 37. hxg4 Qh6+ 38. Nh3 Qh4 39. Rg1 Be6 40. c4 Red8 41. Kh2 Nc6
42. Rd3 g5 43. Bc1 Nb4 44. Rf3 Nxd5 45. f5 Nc7 46. fxe6 Nxe6 47. Rgf1 Rf8 48.
Kg1 Bd8 49. Nf2 Qh7 50. Rh3 Qg6 51. Ne4 Rd4 52. Nf6+ Bxf6 53. Rxf6 Qb1 54. Rfh6
Qxc1+ 55. Kh2 Qf4+ 56. Kh1 Rd1+ 57. Qg1 Qe4+ 58. Kh2 Rd2+ 0-1

[Event "34th ECC Women 2018"]
[Site "Porto Carras GRE"]
[Date "2018.10.15"]
[Round "4.6"]
[Board "2"]
[White "Balajayeva, Khanim"]
[Black "Santeramo, Alessia"]
[Result "1-0"]
[WhiteTitle "WIM"]
[BlackTitle "WFM"]
[WhiteElo "2326"]
[BlackElo "2054"]
[WhiteTeam "Odlar Yurdu"]
[BlackTeam "Caissa Italia Banca Alpi Marittime"]
[WhiteFideId "13406396"]
[BlackFideId "850810"]
[EventDate "2018.10.12"]

1. e4 e5 2. Nf3 Nc6 3. Bb5 a6 4. Ba4 Nf6 5. O-O Be7 6. Re1 b5 7. Bb3 d6 8. c3
O-O 9. d4 Bg4 10. Be3 Bh5 11. Nbd2 exd4 12. cxd4 Na5 13. Bc2 c5 14. d5 Re8 15.
h3 Nd7 16. g4 Bg6 17. Nh2 Bh4 18. Re2 h5 19. f4 hxg4 20. hxg4 Bh7 21. g5 f6 22.
Nhf3 fxg5 23. fxg5 Bg3 24. Rg2 Be5 25. g6 Bxg6 26. Rxg6 Bxb2 27. Rb1 Bf6 28. Bg5
Kf7 29. Bxf6 gxf6 30. Nh4 Ne5 31. Qh5 Nxg6 32. Qh7+ 1-0

[Event "34th ECC Women 2018"]
[Site "Porto Carras GRE"]
[Date "2018.10.15"]
[Round "4.6"]
[Board "3"]
[White "Guerini, Silvia jr"]
[Black "Mammadova, Gulnar"]
[Result "0-1"]
[BlackTitle "IM"]
[WhiteElo "1977"]
[BlackElo "2355"]
[WhiteTeam "Caissa Italia Banca Alpi Marittime"]
[BlackTeam "Odlar Yurdu"]
[WhiteFideId "852520"]
[BlackFideId "13403508"]
[EventDate "2018.10.12"]

1. e4 g6 2. d4 Bg7 3. Nc3 d6 4. Be3 c6 5. Qd2 Nd7 6. f3 b5 7. g4 Nb6 8. b3 Qc7
9. h4 h6 10. h5 g5 11. Nge2 b4 12. Nd1 a5 13. Ng3 e6 14. Be2 Ne7 15. f4 gxf4 16.
Bxf4 c5 17. Be3 d5 18. Rh3 Nc6 19. Bb5 Bd7 20. Bxc6 Bxc6 21. Nf2 O-O-O 22. Bf4
e5 23. dxe5 dxe4 24. Qe2 Nd5 25. Bxh6 Bxh6 26. Nfxe4 Nf4 27. Qc4 Qxe5 0-1

[Event "34th ECC Women 2018"]
[Site "Porto Carras GRE"]
[Date "2018.10.15"]
[Round "4.6"]
[Board "4"]
[White "Fataliyeva, Ulviyya"]
[Black "Andolfatto, Maria"]
[Result "1-0"]
[WhiteTitle "WGM"]
[WhiteElo "2320"]
[BlackElo "2068"]
[WhiteTeam "Odlar Yurdu"]
[BlackTeam "Caissa Italia Banca Alpi Marittime"]
[WhiteFideId "13403052"]
[BlackFideId "2800476"]
[EventDate "2018.10.12"]

1. e4 e5 2. Nf3 Nf6 3. Nxe5 d6 4. Nf3 Nxe4 5. d4 d5 6. Bd3 Bd6 7. O-O O-O 8. c4
c6 9. Qc2 Na6 10. a3 Bg4 11. Ne5 Bf5 12. Be3 c5 13. Nc3 cxd4 14. Bxd4 Bxe5 15.
Bxe5 Re8 16. Bg3 Nxg3 17. fxg3 Bxd3 18. Qxd3 dxc4 19. Qxc4 Qc7 20. Qa2 Qb6+ 21.
Rf2 Qe6 22. Qxe6 Rxe6 23. Rd1 Rae8 24. Nb5 Nc5 25. b4 Na4 26. Rd7 R6e7 27. Rxe7
Rxe7 28. Rc2 g6 29. Nxa7 Kg7 30. Kf2 Kf6 31. Nb5 Nb6 32. Rc5 Rd7 33. g4 h6 34.
Nc3 Ke6 35. Ke2 Rd4 36. h3 Rd7 37. a4 Na8 38. Rc8 Nc7 39. Ne4 b6 40. a5 Nd5 1-0